<?xml version="1.0" encoding="UTF-8"?>
<record
    xmlns:xsi="http://www.w3.org/2001/XMLSchema-instance"
    xsi:schemaLocation="http://www.loc.gov/MARC21/slim http://www.loc.gov/standards/marcxml/schema/MARC21slim.xsd"
    xmlns="http://www.loc.gov/MARC21/slim">

  <leader>00474nam a2200193Ia 4500</leader>
  <controlfield tag="005">20250425161244.0</controlfield>
  <controlfield tag="008">250425s9999    xx            000 0 und d</controlfield>
  <datafield tag="020" ind1=" " ind2=" ">
    <subfield code="a">0675099382</subfield>
  </datafield>
  <datafield tag="041" ind1=" " ind2=" ">
    <subfield code="a">eng</subfield>
  </datafield>
  <datafield tag="082" ind1=" " ind2=" ">
    <subfield code="a">621.31921</subfield>
  </datafield>
  <datafield tag="100" ind1=" " ind2=" ">
    <subfield code="a">BOYLESTAD, ROBERT  L.</subfield>
  </datafield>
  <datafield tag="245" ind1=" " ind2="0">
    <subfield code="a">INTRODUCTORY CIRCUIT ANALYSIS</subfield>
  </datafield>
  <datafield tag="250" ind1=" " ind2=" ">
    <subfield code="a">4TH ED.</subfield>
  </datafield>
  <datafield tag="260" ind1=" " ind2=" ">
    <subfield code="a">COLUMBUS</subfield>
  </datafield>
  <datafield tag="260" ind1=" " ind2=" ">
    <subfield code="a">Estados Unidos</subfield>
    <subfield code="b">CHARLES E. MERRILL PUBLISHING</subfield>
    <subfield code="c">1982</subfield>
  </datafield>
  <datafield tag="300" ind1=" " ind2=" ">
    <subfield code="a">788</subfield>
  </datafield>
  <datafield tag="942" ind1=" " ind2=" ">
    <subfield code="c">01</subfield>
  </datafield>
  <datafield tag="010" ind1=" " ind2=" ">
    <subfield code="a">16258</subfield>
  </datafield>
  <datafield tag="952" ind1=" " ind2=" ">
    <subfield code="0">0</subfield>
    <subfield code="1">0</subfield>
    <subfield code="4">0</subfield>
    <subfield code="7">0</subfield>
    <subfield code="a">CIB</subfield>
    <subfield code="b">CIB</subfield>
    <subfield code="c">A</subfield>
    <subfield code="d">2004-02-13</subfield>
    <subfield code="g">0.01</subfield>
    <subfield code="l">0</subfield>
    <subfield code="p">21869</subfield>
    <subfield code="t">2</subfield>
    <subfield code="y">01</subfield>
  </datafield>
  <datafield tag="952" ind1=" " ind2=" ">
    <subfield code="0">0</subfield>
    <subfield code="1">0</subfield>
    <subfield code="4">0</subfield>
    <subfield code="7">0</subfield>
    <subfield code="a">CIB</subfield>
    <subfield code="b">CIB</subfield>
    <subfield code="c">A</subfield>
    <subfield code="d">2004-09-03</subfield>
    <subfield code="g">0.01</subfield>
    <subfield code="l">0</subfield>
    <subfield code="p">21874</subfield>
    <subfield code="t">7</subfield>
    <subfield code="y">01</subfield>
  </datafield>
  <datafield tag="952" ind1=" " ind2=" ">
    <subfield code="0">0</subfield>
    <subfield code="1">0</subfield>
    <subfield code="4">0</subfield>
    <subfield code="7">0</subfield>
    <subfield code="a">CIB</subfield>
    <subfield code="b">CIB</subfield>
    <subfield code="c">A</subfield>
    <subfield code="d">2004-09-14</subfield>
    <subfield code="g">0.01</subfield>
    <subfield code="l">0</subfield>
    <subfield code="p">21876</subfield>
    <subfield code="t">9</subfield>
    <subfield code="y">01</subfield>
  </datafield>
  <datafield tag="999" ind1=" " ind2=" ">
    <subfield code="c">205573</subfield>
    <subfield code="d">205573</subfield>
  </datafield>
</record>
